Music Quiz

Random Music or Bands Quiz

5 by 5 Musicians II Quiz Stats

 Plays Quiz Updated Jul 8, 2018

Score 0/25 Timer 05:00
2 Plays Today
Hint Answer % Correct
Prince
96.7%
The Jackson 5
96.2%
One-Word NameMadonna
95.1%
Color in NameGreen Day
92.2%
Beyoncé
90.6%
Number in NameU2
85.4%
Eminem
85%
Tina Turner
83.8%
The Black Eyed Peas
81.4%
50 Cent
80.7%
Shakira
79.9%
Food in NameVanilla Ice
76.3%
Maroon 5
75%
Hint Answer % Correct
Foo Fighters
73.9%
Alliterative NameThe Beach Boys
70.6%
Chuck Berry
69%
Red Hot Chili Peppers
67.2%
Joan Jett
63.2%
blink-182
57.5%
Dr. Dre
56%
Salt-N-Pepa
54%
Matchbox Twenty
39.7%
The Smashing Pumpkins
35.5%
Pearl Jam
34.2%
Pink Floyd
33.8%

You're not logged in!

Compare scores with friends on all Sporcle quizzes.
OR
Log In

Show Comments

Extras

Top Quizzes Today


Score Distribution

Your Account Isn't Verified!

In order to create a playlist on Sporcle, you need to verify the email address you used during registration. Go to your Sporcle Settings to finish the process.

Report this User

Report this user for behavior that violates our Community Guidelines.

Details: